Seed trade in rural markets : (Record no. 11368)

000 -LEADER
fixed length control field 00917cam a22002774a 4500
020 ## - INTERNATIONAL STANDARD BOOK NUMBER
ISBN 9781844077847 (hardback)
020 ## - INTERNATIONAL STANDARD BOOK NUMBER
ISBN 1844077845 (hardback)
020 ## - INTERNATIONAL STANDARD BOOK NUMBER
ISBN 9781844077854 (pbk.)
020 ## - INTERNATIONAL STANDARD BOOK NUMBER
ISBN 1844077853 (pbk.)
020 ## - INTERNATIONAL STANDARD BOOK NUMBER
ISBN 9789251061732 (FAO)
020 ## - INTERNATIONAL STANDARD BOOK NUMBER
ISBN 9251061734 (FAO)
040 ## - CATALOGING SOURCE
Transcribing agency DLC
082 00 - DEWEY DECIMAL CLASSIFICATION NUMBER
Classification number 381 EAR 2010 A015 Or.
082 00 - DEWEY DECIMAL CLASSIFICATION NUMBER
Classification number 338 EAR 2010 A015 Or.
245 00 - TITLE STATEMENT
Title Seed trade in rural markets :
Remainder of title implications for crop diversity and agricultural development /
260 ## - PUBLICATION, DISTRIBUTION, ETC. (IMPRINT)
Place of publication London ;
-- Sterling, VA :
Name of publisher Earthscan :
-- Food and Agriculture Organization of the United Nations,
Year of publication 2010.
300 ## - PHYSICAL DESCRIPTION
Number of Pages xxiii, 232 p. :
Other physical details ill., maps ;
Dimensions 24 cm.
650 #0 - SUBJECT ADDED ENTRY--TOPICAL TERM
Topical Term Seed industry and trade
650 #0 - SUBJECT ADDED ENTRY--TOPICAL TERM
Topical Term Seed industry and trade
650 #0 - SUBJECT ADDED ENTRY--TOPICAL TERM
Topical Term Seed exchanges
650 #0 - SUBJECT ADDED ENTRY--TOPICAL TERM
Topical Term Seed exchanges
700 1# - ADDED ENTRY--PERSONAL NAME
Personal name Lipper, Leslie.
700 1# - ADDED ENTRY--PERSONAL NAME
Personal name Anderson, C. Leigh,
700 1# - ADDED ENTRY--PERSONAL NAME
Personal name Dalton, Timothy J.
942 ## - ADDED ENTRY ELEMENTS (KOHA)
Koha item type សៀវភៅភាសាអង់គ្លេស
952 ## - LOCATION AND ITEM INFORMATION (KOHA)
Withdrawn status [LOCAL, KOHA] 0
Holdings
Koha item type Barcode Lost status Permanent Location Current Location Date acquired Full call number
សៀវភៅភាសាអង់គ្លេសRUA056586 Library Block ALibrary Block A2017-08-01381 EAR 2010 A015 Or.
មជ្ឈមណ្ឌលឯការនៃសាកលវិទ្យាល័យភូមិន្ទកសិកម្មចំការដូង

Powered by Koha